Quizzes
Events
Quiz Creation
Community
Videos
Private Events
Remove Ads
Sign In
Join for FREE
Feedback
Dark Mode
Quiz Categories
Sports
Geography
Music
Movies
Television
Just For Fun
Miscellaneous
History
Literature
Language
Science
Gaming
Entertainment
Religion
Holiday
For Kids
Quiz Lab
Recent
Popular Today
Quiz Kudos Today
Editor Picks
Curator Picks
Quizzes by...
Day
Popularity
Type
Ratings
Length
Year
Community
Subscriptions
Recent Discussions
Orange Saloon
Badges
Playlists
Quests
Create
Leaderboards
Showdown
Live 5
Trivia Bingo
Activity
Puzzle Library
Sporcle Events
Private Events
Virtual Trivia
Globe League
Become a Host
Pub Owners
SporcleCon
Opinionation
Our Games
Videos
Blog
Mobile Apps
Partnerships
Remove Ads and Go Orange
Feedback
Music
Pop Music
The Beatles
Song
Album
Lyrics
Bands
Singers
Artist
Clip
Rock
Rap
Classical
Billboard
Country Music
Kpop
Taylor Swift
Music
Pop Music
The Beatles
Song
Album
Lyrics
Bands
Singers
Artist
Clip
Rock
Rap
Classical
Billboard
Country Music
Kpop
Taylor Swift
Random Quiz
Search Sporcle
×
Quiz Lab
Quiz Lab
Music
The Beatles
Type in answers that appear in a list
Type in answers that appear in a list
Classic
Best Score? Go Orange.
Beatles Songs by Opposite Words Stats
Can you name the Beatles Songs by Opposite Words ?
By
CinCitySportsMan
3m
20 Questions
1,904 Plays
1,904 Plays
1,904 Plays
Comments
Comments
Give Quiz Kudos
Give Quiz Kudos
-
- Ratings
hide this ad
More Info
Replay
Link that replays current quiz
Next Quiz
Link to next quiz in quiz playlist
You Got
0%
They Got
Avg Score
79%
Avg Friend Score
Upgrade to see
Score Distribution
Jump to the score distribution portion of the page
Score
0/20
Timer
03:00
0
Plays Today
Opposite Discription
Song Title
% Correct
A Beginning
The End
92.4%
Everywhere Girl
Nowhere Man
92.3%
A Short and Straight Highway
The Long and Winding Road
90.8%
Guy
Girl
90.6%
There Went the Moon
Here Comes the Sun
90.3%
You're A Winner
I'm a Loser
89.5%
Or You Hate Him
And I Love Her
85.6%
To You From Me
From Me To You
85.3%
Nice Mrs. Ketchup
Mean Mr. Mustard
83.8%
Can Sell You Hate
Can't Buy Me Love
83.2%
Opposite Discription
Song Title
% Correct
Sadness is a Cold Knife
Happiness is a Warm Gun
83.1%
Go Apart
Come Together
82.6%
Nothing
Something
79.5%
A Genius in the Valley
The Fool on the Hill
76.7%
Nothing I have is Hate
All You Need is Love
76.3%
You You Yours
I Me Mine
73.2%
Bad Night Bad Night
Good Morning Good Morning
71%
Falling
Flying
61.5%
Adult I'm a Poor Woman
Baby You're a Rich Man
60.2%
Barack
Michelle
39.5%
Quiz Playlist
Details
Report
Send in Message
Add To Playlist
More Info:
Ex. Green Tank would be the opposite of Yellow Submarine.
Classic:
Type in answers that appear in a list
Last Updated: Oct 15, 2018
Quiz Scoreboard
CHALLENGE
Sign Up to Join the Scoreboard
Show All
Scores
Hide
Comments
May contain spoilers
Recently Published
Click the 1999 NBA Draft
by nibperrychub
Sports
2m
Alphabetical 'K' Countries by Flag Minefield
by ylime102
Geography
3m
Pick 6: Fruits
by JohnFran
Miscellaneous
15s
More to Explore
Quiz From the Vault
Featured Blog Post
15 Basketball Trivia Facts You Can Be March Mad About
hide this ad
You Might Also Like...
Tags
The Beatles Quiz
Today's Top Quizzes in Music
Browse Music
hide this ad
Today's Top Quizzes in The Beatles
Browse The Beatles
Top Contributed Quizzes in Music
1
KPOP LOGIC QUIZ
2
Taylor Swift All Songs (2024)
3
NCT 2020 Logic Puzzle
4
Taylor Swift Logic Puzzle
5
Lana Del Rey songs - match the song with the album
6
Taylor Swift: Logic Puzzle
7
Guess The Taylor Swift Lyrics Song #1
8
Joni Mitchell—'Car on a Hill' Lyrics
9
kpop group name match up
10
Guess the Taylor Swift song (Mystery Song)
Explore More
Trending Topics
Harry Potter
Disney
Crossword
NBA
Kpop
Marvel
Anime
Song
WWE
Country
The Office
Pokémon
Puzzle
Soccer
NFL
hide this ad
More By:
CinCitySportsMan
Quiz
Plays
Rating
Category
Featured
Created
Beatles Songs by Opposite Words
1,904
4.00
Music
Sep 4, 2010
Films Directed by Richard Linklater
188
3.00
Movies
Nov 15, 2009
Big Three Names that Don't end in S
151
2.25
Sports
Mar 14, 2010
Double Consonant Sports Teams
93
4.00
Sports
Aug 2, 2010
Go to Creator's Profile
Score Distribution
Quiz Creator Spotlight
CinCitySportsMan
Follow
Send a Message
Quizzes Created
-
Created Quiz Play Count
-
More By This Creator
Popular Quizzes Today
1
Find the US States - No Outlines Minefield
2
Countries of Asia Without Outlines Minefield
3
Pick 6: Fruits
4
Alphabetical 'K' Countries by Flag Minefield
5
The Countries of the World
6
Click the 1999 NBA Draft
7
Find the US States
8
Match the Book to the Film X
More Music Quizzes
find TREASURE' members by pictures
Quiz Lab
Trending Quizzes
Pick 6: Harry Potter
Pick 6: Golfers
Pick 6: Movie Franchises
Pick 6: Foods
Pick 6: Landmarks
Recently Updated
Women's Final Four Teams by Year
bhenderson79
Presidents Quartet II
eogle
Anything But Clue(do)
eogle
Anything But Oceanian Capitals
eogle
Anything But 7
eogle
Anything But Thing
eogle
Word Ladder: February 29
pecheneg
Song Title Questions
pecheneg
Women's NCAA Tournament #1 Seeds
pecheneg
Celebrity Mug Shots
pecheneg
Trending Topics
NBA
Marvel
Anime
Crossword
Harry Potter
Kpop
Disney
Country
Pokémon
The Office
Song
NFL
Soccer
WWE
Puzzle
Your Account Isn't Verified!
In order to create a playlist on Sporcle, you need to verify the email address you used during registration. Go to your
Sporcle Settings
to finish the process.
Report this User
Report this user for behavior that violates our
Community Guidelines
.
Details:
Send Report
Go to the Sporcle.com Mobile Site →
Comments